000
00264nam a2200097Ia 4500
001
1251158
005
20251031150910.0
008
251031s9999 xx 000 0 und d
245
0
_c
SİNEM ÖZEN CANBOLAT
_a
I-5 BEBEĞİMLE OYNUYORUM
260
_b
HAYY KİTAP YAYINLARI
999
_c
1251158
_d
1251158